| 000 | 00516nam a2200181Ia 4500 | ||
|---|---|---|---|
| 005 | 20250326130157.0 | ||
| 008 | 250326s9999 xx 000 0 und d | ||
| 037 | _aTextbook | ||
| 040 |
_aFMSL _beng _cFMSL |
||
| 041 |
_aeng _2eng |
||
| 084 |
_aX:8 L1 _qFMSL |
||
| 100 |
_aIreson G W _9740231 |
||
| 245 | 0 |
_aHandbook of inductrial engineering and management _cIreson G W |
|
| 260 |
_aNew Jersey _bNew Jersey, Prentice-Hall _c1971 |
||
| 300 | _a907p | ||
| 942 |
_cTB _hX:8 L1 |
||
| 999 |
_c1281309 _d1281309 |
||